Siete poetas españoles : (Record no. 144302)
[ view plain ]
| 000 -LEADER | |
|---|---|
| campo de control de longitud fija | 01138nam a2200301 i 4500 |
| 001 - NÚMERO DE CONTROL | |
| campo de control | 144302 |
| 003 - IDENTIFICADOR DE NÚMERO DE CONTROL | |
| campo de control | ES-MaACL |
| 005 - FECHA Y HORA DE LA ÚLTIMA TRANSACCIÓN | |
| campo de control | 20250430203733.0 |
| 007 - CAMPO FIJO DE DESCRIPCIÓN FÍSICA--INFORMACIÓN GENERAL | |
| campo de control de longitud fija | t| |
| 008 - DATOS DE LONGITUD FIJA--INFORMACIÓN GENERAL | |
| campo de control de longitud fija | 070214s1963 sp r ||||1| spa d |
| 080 ## - NÚMERO DE LA CLASIFICACIÓN DECIMAL UNIVERSAL | |
| Número de la Clasificación Decimal Universal | 860-1"19"(082.2 |
| 245 00 - MENCIÓN DEL TÍTULO | |
| Título | Siete poetas españoles : |
| Resto del título | Antonio Machado, Juan Ramón Jiménez, Pedro Salinas, Jorge Guillén, Vicente Aleixandre, Federico García Lorca, Rafael Alberti / |
| Mención de responsabilidad, etc. | recopilación de Carlos Sahagún. |
| 260 ## - PUBLICACIÓN, DISTRIBUCIÓN, ETC. | |
| Lugar de publicación, distribución, etc. | Madrid : |
| Nombre del editor, distribuidor, etc. | Taurus, |
| Fecha de publicación, distribución, etc. | 1963. |
| 300 ## - DESCRIPCIÓN FÍSICA | |
| Extensión | 220 p. ; |
| Dimensiones | 18 cm. |
| 650 #4 - PUNTO DE ACCESO ADICIONAL DE MATERIA--TÉRMINO DE MATERIA | |
| 9 (RLIN) | 16221 |
| Término de materia o nombre geográfico como elemento de entrada | Poesías españolas- |
| Subdivisión cronológica | S.XX |
| 650 #4 - PUNTO DE ACCESO ADICIONAL DE MATERIA--TÉRMINO DE MATERIA | |
| 9 (RLIN) | 13050 |
| Término de materia o nombre geográfico como elemento de entrada | Generación del 27 (Literatura) |
| 700 1# - ENTRADA AGREGADA--NOMBRE PERSONAL | |
| Nombre de persona | Sahagún, Carlos. |
| 9 (RLIN) | 101471 |
| Término indicativo de función/relación | Editor literario |
| 700 1# - ENTRADA AGREGADA--NOMBRE PERSONAL | |
| Nombre de persona | Machado, Antonio, |
| Fechas asociadas al nombre | 1875-1939 |
| 9 (RLIN) | 75151 |
| 700 1# - ENTRADA AGREGADA--NOMBRE PERSONAL | |
| Nombre de persona | Jiménez, Juan Ramón, |
| Fechas asociadas al nombre | 1881-1958 |
| 9 (RLIN) | 66417 |
| 700 1# - ENTRADA AGREGADA--NOMBRE PERSONAL | |
| Nombre de persona | Salinas, Pedro, |
| Fechas asociadas al nombre | 1891-1951 |
| 9 (RLIN) | 101942 |
| 700 1# - ENTRADA AGREGADA--NOMBRE PERSONAL | |
| Nombre de persona | Guillén, Jorge, |
| Fechas asociadas al nombre | 1893-1984 |
| 9 (RLIN) | 60765 |
| 700 1# - ENTRADA AGREGADA--NOMBRE PERSONAL | |
| Nombre de persona | Aleixandre, Vicente, |
| Fechas asociadas al nombre | 1898-1984 |
| 9 (RLIN) | 19688 |
| 700 1# - ENTRADA AGREGADA--NOMBRE PERSONAL | |
| Nombre de persona | García Lorca, Federico, |
| Fechas asociadas al nombre | 1898-1936 |
| 9 (RLIN) | 54853 |
| 700 1# - ENTRADA AGREGADA--NOMBRE PERSONAL | |
| Nombre de persona | Alberti, Rafael, |
| Fechas asociadas al nombre | 1902-1999 |
| 9 (RLIN) | 240174 |
| 852 ## - LOCALIZACIÓN | |
| Ubicación | ES-MaACL |
| Número de control de estantería | C-25639 |
| 942 ## - ELEMENTOS DE ENTRADA SECUNDARIOS (KOHA) | |
| Fuente del sistema de clasificación o colocación | Clasificación decimal universal |
| Estatus retirado | Estado de pérdida | Estado de daño | No para préstamo | Biblioteca de origen | Biblioteca actual | Ubicación en estantería | Fecha de adquisición | Fuente de adquisición | Total de préstamos | Signatura topográfica completa | Código de barras | Visto por última vez | Precio de reemplazo | Tipo de ítem Koha |
|---|---|---|---|---|---|---|---|---|---|---|---|---|---|---|
| Biblioteca del Ateneo de Madrid | Biblioteca del Ateneo de Madrid | Depósito 2 | 17/01/2008 | C-25639 | 1150134 | 23/02/2023 | 23/02/2023 | Libro impreso |
